[Event "17th Prague Open 2018"]
[Site "Prague"]
[Date "2018.01.12"]
[Round "1"]
[White "Stefansson, Hannes"]
[Black "Danielmeier, Ralf"]
[Result "1-0"]
[WhiteElo "2523"]
[BlackElo "2071"]
[Annotator "TA"]
[PlyCount "65"]
[EventDate "2018.??.??"]
[EventType "swiss"]
[EventCountry "CZE"]
[SourceTitle "playchess.com"]
[Source "ChessBase"]
[SourceQuality "1"]

{[%evp 17,65,0,0,8,14,3,16,0,68,64,75,58,121,125,117,120,117,127,120,117,127,119,128,121,143,131,125,143,127,134,183,173,161,178,156,86,604,604,567,581,566,562,1042,960,29990,29991,29991,29992,29992,29993]} 1. e4 d5 2. exd5 Qxd5 3. Nc3 Qa5 4. d4 Nf6 5. Nf3 Bf5 6. Bd2 e6 {B01: Skandinavische Verteidigung} 7. Bc4 Bb4 8. O-O (8. a3 Bxc3 9. Bxc3 Qb6 10. Nh4 Be4 11. Qe2 Nc6 12. O-O-O O-O-O 13. Qe3 h6 14. Rhe1 {½-½ (36) Adams,M (2742)-Laznicka,V (2676) Baku 2015}) 8... Nc6 9. a3 Bxc3 $1 {LiveBook: 6 Partien} 10. bxc3 {[%cal Bb2c3,Bc3c4,Bc4c5][%mdl 32]} O-O 11. a4 $146 ({Vorgänger:} 11. Rb1 Qa4 12. Bd3 Bxd3 13. cxd3 Qxd1 14. Rfxd1 {½-½ (26) Zumsande,M (2418)-Prie,E (2514) Germany 2012}) 11... Bg4 12. Bb5 {Droht stark c4.} Ne4 (12... Bxf3 $11 13. gxf3 Qb6) 13. Be1 $1 $14 {Schwarz muss nun c4 beachten.} a6 {[#]} ({Jedoch nicht} 13... Nxc3 $2 14. Qd3 $18) 14. c4 $1 Qb6 {[#]} (14... Nb4 $1 $14) 15. c5 $1 $16 {[%cal Rc5b6]} Qa7 16. Bxc6 $1 bxc6 17. h3 Bxf3 18. Qxf3 f5 19. Qb3 Kf7 20. Ba5 Rfd8 21. Qe3 Qb8 22. Rfe1 {Droht f3 und aus.} Qc8 23. Rab1 Qd7 24. Rb7 Rac8 25. Reb1 Kg8 26. c3 (26. f3 $142 Nf6 27. Kh1) 26... Qd5 $2 {[%mdl 8192]} (26... e5 $16) 27. Bxc7 $18 Rd7 28. Be5 Rcd8 29. f3 {Und c4 würde nun gewinnen.} Nd2 30. Rxd7 Rxd7 31. Rb8+ {Weiß setzt Matt.} Kf7 32. Qg5 {[%csl Ge5][%cal Rg5g7]} Nxf3+ 33. gxf3 {Precision: Weiß = 72%, Schwarz = 52%.} 1-0

[Event "17th Prague Open 2018"]
[Site "Prague"]
[Date "2018.01.12"]
[Round "1"]
[White "Chernyshov, Konstantin"]
[Black "Mulenko, Alexander"]
[Result "1/2-1/2"]
[WhiteElo "2480"]
[BlackElo "2064"]
[Annotator "TA"]
[PlyCount "92"]
[EventDate "2018.??.??"]
[EventType "swiss"]
[EventCountry "CZE"]
[SourceTitle "playchess.com"]
[Source "ChessBase"]
[SourceQuality "1"]

{[%evp 11,92,4,12,21,19,18,8,0,4,0,0,0,0,0,0,0,0,-12,0,0,0,-7,0,0,40,0,9,-28,-30,-33,-36,-41,-38,-134,-134,-152,-117,-136,-122,-393,-383,-495,-502,-464,-469,-668,-674,-660,-625,-877,-892,-857,-857,-838,-677,-889,-818,-799,-783,-837,-800,-739,-236,-233,-233,-218,-166,-166,-166,-175,-176,-161,-162,-244,-106,-130,-106,-106,-66,-73,-73,-95,-8]} 1. d4 Nf6 2. Bg5 e6 {[#]} 3. e4 $1 {[%mdl 512]} h6 (3... Nxe4 4. Bxd8) 4. Bxf6 Qxf6 5. Nf3 d6 6. Nc3 c6 7. e5 {A46: 1 d4 Nf6 2 Nf3 e6: Torre, London and Colle Systems} Qd8 8. exd6 Bxd6 9. Ne4 {The position is equal.} Be7 10. c3 (10. Bd3 Qb6 11. c3 Nd7 12. Qe2 Qc7 13. O-O-O b5 14. Kb1 Bb7 {½-½ (23) Jobava,B (2698)-Berg,E (2570) Sweden 2016}) 10... Nd7 11. Bd3 Qc7 12. Qe2 $146 ({Predecessor:} 12. O-O O-O 13. Re1 b6 14. Ng3 Bb7 {0-1 (56) Alvarez Ponga,H (2097)-Rubio Mejia,L (2373) San Sebastian 2008}) 12... b6 13. O-O Bb7 14. a4 a5 15. Rfe1 O-O 16. Rad1 Rfe8 17. Bb1 Bf8 18. h4 c5 19. Ne5 Nxe5 20. dxe5 Qxe5 21. Qc2 {Nf6+! would kill now.} Qf5 22. Qb3 (22. Nd6 $15 Bxd6 23. Rxd6) 22... Qg4 $17 23. Qxb6 Rab8 {Strongly threatening ...Bxe4.} 24. Qxa5 {[#]} f5 $1 {[%cal Rf5e4]} ({Don't take} 24... Qxh4 25. b3 $15) 25. f3 $2 {[%mdl 8192]} (25. Ng3 $17) 25... Qxh4 $19 26. Nf2 {[#]} Bxf3 $1 {[%mdl 512] ( -> ...Qg3)} 27. Rd3 (27. gxf3 Rxb2) 27... Bd5 28. Qc7 (28. g3 $142 Qg5 29. c4 Bxc4 30. Qd2) 28... Rxb2 29. g3 Qxa4 30. Rde3 Reb8 31. Bd3 c4 32. Bf1 Qb5 33. Rxe6 Bxe6 34. Rxe6 Qc5 35. Qf4 g5 36. Qf3 Rxf2 $2 (36... Rd2 37. Rf6 {[#]} f4 $1 {[%mdl 512]} 38. Rg6+ Kh8) 37. Qxf2 Qxf2+ 38. Kxf2 {[%mdl 4096] Endgame KRB-KRB} Rc8 39. Ra6 Bg7 40. Ra4 Bxc3 41. Bxc4+ Kg7 42. Kf3 (42. Be6 {might work better.} Rc5 43. g4) 42... Be5 (42... g4+ $19 {has better winning chances.} 43. Kg2 Be5) 43. g4 $17 fxg4+ 44. Kxg4 Rc7 45. Bd5 Rd7 46. Be4 Rd4 {Precision: White = 54%, Black = 52%.} (46... Rd2 $17 47. Ra6 Rh2) 1/2-1/2

[Event "17th Prague Open 2018"]
[Site "Prague"]
[Date "2018.01.12"]
[Round "1"]
[White "Neuman, Petr"]
[Black "Kastner, Oldrich"]
[Result "1-0"]
[WhiteElo "2452"]
[BlackElo "2060"]
[Annotator "TA"]
[PlyCount "49"]
[EventDate "2018.??.??"]
[EventType "swiss"]
[EventCountry "CZE"]
[SourceTitle "playchess.com"]
[Source "ChessBase"]
[SourceQuality "1"]

{[%evp 9,49,13,39,36,35,28,178,159,173,151,187,165,168,113,99,112,143,141,159,142,140,125,148,135,145,162,166,172,159,147,314,200,448,462,449,431,815,814,792,784,1241,1241]} 1. d4 {[%cal Bd2d4,Bd4c5][%mdl 32]} e6 2. e4 d5 3. Nd2 Be7 4. Bd3 c5 5. dxc5 a5 (5... Nf6 6. Ngf3 dxe4 7. Nxe4 Nxe4 8. Bxe4 Qxd1+ 9. Kxd1 Bxc5 10. Be3 Bxe3 11. fxe3 Nd7 12. Nd2 Ke7 13. Ke2 Nc5 14. Bf3 Bd7 15. c4 {½-½ (76) Duda,J (2707)-So,W (2810) Leon 2017}) 6. Ngf3 {C03: French Tarrasch: Unusual Black 3rd moves} Na6 $146 ({Predecessor:} 6... Nf6 7. O-O Na6 8. exd5 Qxd5 9. Bc4 Qxc5 10. Qe2 O-O 11. Ne5 Nd7 12. Ndf3 Nxe5 13. Nxe5 {½-½ (30) Jens,J (2357)-Wemmers,X (2366) Belgium 2005}) 7. exd5 Qxd5 (7... exd5 $11 {and Black has nothing to worry.} 8. Ne5 Nxc5) 8. Bb5+ $1 $18 {White is clearly better.} Kf8 {[#]} 9. O-O $1 Nxc5 10. Qe2 Bd7 {[#]} 11. Bxd7 (11. a4 $1 $18) 11... Qxd7 $16 12. Nc4 {Hoping for Nb6.} Qb5 {[#]} 13. a4 $1 {[%mdl 512]} Qa6 (13... Nxa4 14. Nfe5) 14. b3 Nf6 15. Bb2 h5 16. Rfe1 h4 17. h3 Rd8 18. Rad1 Rxd1 19. Rxd1 Nfe4 $2 (19... Rh5 $16 20. Nfe5 Rf5) 20. Nfd2 f5 $2 (20... Nf6 {might work better.} 21. Qf3 Rh6) 21. Nxe4 $18 {White is clearly winning.} Nxe4 22. f3 Qa7+ (22... Nf6 $142 23. Qe5 Qc6 24. Qb8+ (24. Qxa5 Kg8 $18) 24... Qe8 25. Qxb7 Rh7) 23. Bd4 Bc5 24. Qe3 Bxd4 25. Rxd4 {Precision: White = 89%, Black = 33%.} 1-0

[Event "17th Prague Open 2018"]
[Site "Prague"]
[Date "2018.01.12"]
[Round "1"]
[White "Pacher, Milan"]
[Black "Czernek, Tymon"]
[Result "1-0"]
[WhiteElo "2444"]
[BlackElo "2050"]
[Annotator "TA"]
[PlyCount "71"]
[EventDate "2018.??.??"]
[EventType "swiss"]
[EventCountry "CZE"]
[SourceTitle "playchess.com"]
[Source "ChessBase"]
[SourceQuality "1"]

{[%evp 24,71,33,39,47,54,57,52,71,63,81,67,83,92,123,94,101,88,88,87,95,94,96,96,189,177,216,215,216,207,285,290,360,229,614,609,637,614,635,675,671,643,722,686,1319,1301,1305,1277,3764,3074]} 1. e4 c5 2. Nf3 d6 3. d4 cxd4 4. Nxd4 Nf6 5. Nc3 a6 6. Be2 e5 7. Nf3 Be7 8. O-O O-O 9. a4 Nc6 {B92: Sicilian Najdorf: 6 Be2} 10. Bg5 Be6 11. Bxf6 Bxf6 12. Nd5 Bxd5 (12... Bg5 13. Nxg5 Qxg5 14. c3 Rac8 15. a5 Nb8 16. Nb6 {½-½ (67) Nevednichy,V (2562)-Rodshtein,M (2652) Plovdiv 2012}) 13. Qxd5 {LiveBook: 4 Games} Qc7 14. c3 Ne7 15. Qb3 Rac8 16. Nd2 $146 ({Predecessor:} 16. Rfe1 Ng6 17. g3 {1-0 (29) Stasans,A (2122)-Baumilas,S (1530) Plateliai 2016}) 16... Rfd8 17. Bc4 {[%cal Be2c4,Bc4d5,Bd5b7,Bb7a6,Ba6b5][%mdl 32]} Nc6 {[#] Strongly threatening ...Na5.} 18. Bd5 Rd7 19. g3 Rf8 20. Nc4 Na5 21. Nxa5 Qxa5 22. h4 ({Of course not} 22. Bxb7 $6 Rb8 $11) 22... Qd8 23. Bxb7 Bxh4 (23... Qb8 $16 24. Bd5 Qxb3 25. Bxb3 Rb8) 24. Bxa6 $18 ({Weaker is} 24. gxh4 Qxh4 25. Qd5 Qg5+ 26. Kh1 Rb8 $11) 24... Qg5 25. c4 Qg6 26. Bb5 Re7 27. a5 {[%cal Ba4a5,Ba5a6][%mdl 32]} Qxe4 28. a6 ({Don't play} 28. gxh4 Re6 $18) 28... Re6 $2 {[#]} (28... Bg5 29. a7 Qa8) 29. Rfe1 {White is clearly winning.} Qa8 {and if ...Bxg3 works, Black does fine.} 30. gxh4 Rg6+ 31. Kf1 Qg2+ 32. Ke2 Rf6 33. Qe3 e4 34. Rg1 Qh2 35. a7 Rf3 36. Qd4 {Precision: White = 81%, Black = 26%.} 1-0

[Event "17th Prague Open 2018"]
[Site "Prague"]
[Date "2018.01.12"]
[Round "1"]
[White "Smith, Bryan"]
[Black "Patil, Mitali Madhukar"]
[Result "0-1"]
[WhiteElo "2439"]
[BlackElo "2048"]
[Annotator "TA"]
[PlyCount "85"]
[EventDate "2018.??.??"]
[EventType "swiss"]
[EventCountry "CZE"]
[SourceTitle "playchess.com"]
[Source "ChessBase"]
[SourceQuality "1"]

{[%evp 11,85,48,71,46,52,44,54,34,38,41,57,50,69,45,54,27,20,-27,-33,-38,-31,-36,-20,-90,-20,-21,-8,-18,-12,-47,79,0,10,0,0,0,0,-16,47,52,78,78,207,193,179,164,172,110,162,110,514,0,0,-491,-489,-481,-483,-477,-473,-483,-483,-608,-520,-494,-507,-939,-552,-591,-585,-595,-609,-626,-619,-658,-660,-616]} 1. e4 d5 2. exd5 Nf6 3. Nf3 Nxd5 4. d4 Bg4 5. h3 Bxf3 (5... Bh5 6. Be2 Nc6 7. O-O e6 8. c3 Be7 9. Ne5 Nxe5 10. Bxh5 Ng6 11. Qb3 Rb8 12. c4 Nf6 13. Bxg6 hxg6 14. Qa4+ c6 15. Qxa7 Bd6 {½-½ (49) Carlsen,M (2840)-Adhiban,B (2653) Wijk aan Zee 2017}) 6. Qxf3 {B01: Scandinavian Defence} c6 {LiveBook: 3 Games} 7. Bc4 e6 8. Bb3 {White is slightly better.} Qf6 $146 ({Predecessor:} 8... Be7 9. O-O O-O 10. Nd2 Nd7 11. c3 Qc7 12. Re1 N7f6 13. Nc4 {0-1 (63) Denny,K (2308)-Joseph,M (2182) Hastings 2011}) 9. Qg4 Bd6 10. Nd2 {And now Ne4 would win.} h5 11. Qe4 Qf4 12. Qd3 {Ne4 is the strong threat.} Nb4 13. Qe2 Qxd4 14. Nc4 {Strongly threatening Be3.} Bc7 $36 {[%mdl 2048] Black is pushing.} 15. Be3 Qf6 16. O-O-O Nd5 17. Bc5 (17. Bd4 $11 Qh6+ 18. Kb1) 17... Nd7 (17... Qg5+ $1 $17 18. Kb1 Nc3+ 19. bxc3 Qxc5) 18. Nd6+ $11 Bxd6 $1 19. Bxd6 {Hoping for Bxd5.} O-O-O 20. c4 Qg5+ (20... Ne7 $15 {stays ahead.}) 21. Kb1 ({White should play} 21. f4 $1 $16 {[%cal Rf4g5]} Nxf4 22. Qe3) 21... N5f6 22. f4 Qa5 23. Qe3 h4 24. Rd4 Rh5 ({Better is} 24... Nb6 $11) 25. Rhd1 $14 Re8 26. Bc2 e5 (26... Qa6 $16 {might work better.}) 27. fxe5 $18 Nxe5 28. Qf2 Ned7 29. b4 (29. a3 $18) 29... Qa3 (29... Qb6 $16 {keeps fighting.}) 30. Bf5 (30. Rxh4 Rxh4 31. Qxh4 c5 $11) (30. R1d3 $18 Qa6 31. Bh2) 30... Re3 $2 {[%mdl 8192]} (30... Rxf5 $16 {is tougher.} 31. Qxf5 Re2) 31. b5 $2 ({Only move:} 31. Bxd7+ $18 Nxd7 32. Qd2 (32. Qxf7 Rb3+ 33. axb3 Qxb3+ 34. Kc1 Qc3+ 35. Kb1 Qb3+ 36. Ka1 Qc3+ 37. Ka2 Qc2+ 38. Ka1 Qc3+ 39. Ka2 Qc2+ 40. Ka1 Qc3+ $11)) 31... c5 $11 32. R4d2 $2 {[%mdl 8192] [#]} (32. Bxd7+ $11 Nxd7 33. Qd2) 32... Rxf5 $1 $19 {[%mdl 512] Black is clearly winning.} 33. Qxf5 Ne4 $1 {[%cal Re4d2]} 34. Rc2 Nxd6 ({But not} 34... Nc3+ $2 35. Rxc3 $1 {[%mdl 512]} Rxc3 36. Bh2 $18) 35. Qd5 {[#]} Re6 $1 36. Rd3 Qb4+ 37. Rb3 Qe1+ 38. Kb2 (38. Rc1 $142 Qe4+ 39. Rd3) 38... Qe5+ 39. Qxe5 Nxe5 40. Rbc3 b6 41. Kb3 Nf5 42. Rf2 Nd4+ 43. Kb2 {Precision: White = 38%, Black = 42%.} 0-1

[Event "17th Prague Open 2018"]
[Site "Prague"]
[Date "2018.01.12"]
[Round "1"]
[White "Druska, Juraj"]
[Black "Chekletsov, Egor"]
[Result "1/2-1/2"]
[WhiteElo "2435"]
[BlackElo "2039"]
[Annotator "TA"]
[PlyCount "73"]
[EventDate "2018.??.??"]
[EventType "swiss"]
[EventCountry "CZE"]
[SourceTitle "playchess.com"]
[Source "ChessBase"]
[SourceQuality "1"]

{[%evp 9,73,39,37,0,10,0,10,-2,0,8,8,4,3,-4,0,0,6,-6,45,47,39,38,52,61,57,47,80,64,77,56,63,47,87,46,60,34,54,0,58,-3,0,0,51,0,-17,-47,-47,-47,-47,-46,-23,-23,-25,-244,-210,-187,-118,-118,-118,-118,-119,-127,0,0,0,-1506]} 1. e4 e5 2. Nf3 Nf6 3. Nxe5 Qe7 4. d4 Nc6 5. Nxc6 Qxe4+ 6. Qe2 {Threatens to win with Ne5. C42: Petroff Defence: 3 Nxe5 and unusual White 3rd moves} dxc6 7. Nd2 $146 ({Predecessor:} 7. Qxe4+ Nxe4 8. Bd3 Nf6 9. O-O Be6 10. c4 O-O-O 11. Be3 Ng4 12. Be2 Nxe3 13. fxe3 {½-½ (52) Filipov,I (2223)-Afromeev,V (2542) Donskoj 2003}) 7... Qxe2+ 8. Bxe2 c5 9. Nb3 cxd4 10. Nxd4 Bd7 11. O-O $36 {[%mdl 2048] Black is under pressure.} O-O-O 12. Bc4 Bc5 13. Nf3 Be6 (13... Rhf8 $11) 14. Bxe6+ $14 fxe6 15. Bf4 Rhf8 16. Rfe1 Rde8 17. Rad1 Nd5 18. Bg3 Nf4 19. Rd2 h6 20. a3 a5 21. Ne5 Rf5 22. c3 Nh5 23. b4 (23. Bh4 $14) 23... Ba7 (23... Be7 $11) 24. Nc4 ({Don't play} 24. bxa5 Nxg3 25. hxg3 Ref8 $11) ({White should try} 24. Bh4 $14) 24... Nxg3 25. hxg3 a4 (25... Rd8 $11 26. Rc2 axb4 27. cxb4 Rd3) 26. Ne3 ({White should play} 26. g4 $14 Rff8 27. Ne5) 26... Re5 $11 27. Nc2 Rxe1+ 28. Nxe1 $15 {[%mdl 4096] Endgame KRB-KRN} Rd8 29. Nf3 Rxd2 (29... b5 {seems wilder.} 30. Kf1 c5 31. g4 Rd5 32. Ke2 Bb6) 30. Nxd2 {KB-KN} b5 31. Ne4 $2 (31. Kf1 $1 $11) 31... Kd7 $19 32. Kf1 {[#]} Kc6 (32... c5 $1 $19 {[%mdl 512]} 33. Ke2 (33. bxc5 Kc6) 33... cxb4 34. cxb4 Bd4) 33. Ke2 $17 Kd5 34. Kd3 c5 35. f3 {[#]} cxb4 (35... h5 $1 $17) 36. cxb4 $11 Bd4 {...Bb2 is the strong threat.} 37. Nc3+ $2 {[%mdl 40960] Precision: White = 36%, Black = 45%. . An unexpected result.} (37. Nd6 $11) 1/2-1/2

[Event "17th Prague Open 2018"]
[Site "Prague"]
[Date "2018.01.12"]
[Round "1"]
[White "Popov, Mikhail"]
[Black "Hujo, Jozef"]
[Result "1-0"]
[WhiteElo "2416"]
[BlackElo "2034"]
[Annotator "TA"]
[PlyCount "45"]
[EventDate "2018.??.??"]
[EventType "swiss"]
[EventCountry "CZE"]
[SourceTitle "playchess.com"]
[Source "ChessBase"]
[SourceQuality "1"]

{[%evp 9,45,0,18,0,31,0,7,0,5,-34,-27,-34,-29,-51,-48,-54,-32,-32,94,100,124,116,182,189,375,350,561,555,536,502,479,313,427,425,405,402,481,479]} 1. g3 f5 2. Bg2 Nf6 3. c4 e6 4. Nc3 d5 5. d3 c6 6. Nf3 {A10: English Opening: Unusual Replies for Black} dxc4 7. dxc4 {Black should prevent Qxd8+.} Qxd1+ 8. Kxd1 $146 {The position is equal.} ({Predecessor:} 8. Nxd1 Nbd7 9. Bf4 Bc5 10. O-O O-O 11. Nc3 Re8 12. e4 e5 {½-½ (58) Gashimov,V (2625)-Moskalenko,V (2540) playchess.com INT 2006}) 8... Bc5 9. e3 Nbd7 10. b3 e5 11. Bb2 {[%cal Bc1b2,Bb2e5,Be5d6][%mdl 32]} e4 12. Ng5 Ke7 13. h4 Ne5 (13... Bb4 $15 {keeps the upper hand.}) 14. Ncxe4 $1 $16 fxe4 15. Bxe5 Ng4 (15... Bg4+ $16 16. Kc2 Rhf8) 16. Nxe4 $18 Bxe3 $2 {[#]} (16... Nxe5 {was necessary.} 17. Nxc5 Kd6) 17. Bd6+ ({Not} 17. fxe3 Nxe5 18. Kc2 Rf8 $16) 17... Kf7 $2 (17... Ke6 {is a better defense.} 18. fxe3 Rd8) 18. fxe3 Nxe3+ 19. Ke2 Nxg2 20. Kf2 Bg4 21. Kxg2 Rhe8 22. Rae1 h6 23. Bf4 {Precision: White = 56%, Black = 11%.} 1-0

[Event "17th Prague Open 2018"]
[Site "Prague"]
[Date "2018.01.12"]
[Round "1"]
[White "Akshat, Khamparia"]
[Black "Jinsoo, Kim"]
[Result "1-0"]
[WhiteElo "2381"]
[BlackElo "2027"]
[Annotator "TA"]
[PlyCount "71"]
[EventDate "2018.??.??"]
[EventType "swiss"]
[EventCountry "CZE"]
[SourceTitle "playchess.com"]
[Source "ChessBase"]
[SourceQuality "1"]

{[%evp 9,71,11,50,57,71,76,85,92,113,105,128,94,130,108,216,214,211,240,247,242,229,235,397,397,387,377,437,372,511,389,452,389,514,464,464,446,680,594,638,617,583,408,604,601,1360,1360,1302,988,2654,2581,2504,2355,5395,3156,29983,6104,29981,29981,6303,5393,29991,29992,29992,29978]} 1. d4 Nf6 2. Bg5 Ne4 3. h4 {[%cal Bh2h4,Bh4g5][%mdl 32]} c5 4. dxc5 Qa5+ 5. Nd2 Nc6 (5... Nxg5 6. hxg5 g6 7. c3 Qxc5 8. Ne4 Qe5 9. Rh4 Bg7 10. Nf3 Qc7 11. e3 d6 12. Bc4 Nc6 13. Qb3 Nd8 14. Nd4 a6 {1-0 (30) Rapport,R (2701)-Damljanovic,B (2562) Paracin 2014}) 6. c3 {A45: Trompowsky Attack} Nxg5 7. Nb3 Qc7 {And now ...Ne4 would win.} 8. hxg5 {White is better.} e6 $146 ({Predecessor:} 8... a5 9. a4 b6 10. cxb6 Qxb6 11. e3 Rb8 12. Bb5 Ba6 13. c4 {1-0 (38) Paltrinieri,N (2215)-Ramondino,R (2251) Condino 2014}) 9. e3 {[%cal Be2e3,Be3f4][%mdl 32]} Be7 10. f4 e5 11. g3 Nd8 (11... d6 $16) 12. Nf3 exf4 13. exf4 Ne6 14. Bd3 g6 15. Qe2 Bxc5 $2 (15... d6 {was necessary.} 16. cxd6 Bxd6) 16. Nxc5 $18 Qxc5 17. O-O-O a6 18. Ne5 {[%cal Bf3e5,Be5g4,Bg4f6][%mdl 32]} b5 19. Be4 Rb8 20. Kb1 b4 21. c4 d6 22. Ng4 h5 (22... b3 $142 23. Nf6+ Ke7) 23. Nf6+ Kf8 24. Rd5 Qc7 25. Rhd1 Rb6 (25... Nc5 $142 26. Bc2 (26. Rxd6 Nxe4 27. Nxe4 Bf5 $14) 26... Bg4 27. Nxg4 hxg4 28. Rxd6 Qe7) 26. b3 Kg7 27. Qb2 Kf8 {[#]} 28. Nd7+ $1 {[%mdl 512]} Bxd7 (28... Qxd7 29. Qxh8+) 29. Qxh8+ Ke7 30. Qf6+ Kf8 31. Bxg6 {[%csl Gg6][%cal Rf6f7]} Bc6 32. Bxh5 (32. Qh8+ $142 Ke7 {[#]} 33. Bxf7 $1 {[%mdl 512]} Kxf7 34. Rf5+ Ke7 35. Re1 Be4+ 36. Rxe4 Rb8 37. Qh7+ Kd8 38. Qg8+ Kd7 39. Rf7+ Kc6 40. Rxc7+ Kxc7 41. Qxe6) 32... Bxd5 33. cxd5 Ng7 34. Rc1 Qd7 {[#]} 35. Rc8+ $1 {[%mdl 512]} Ne8 (35... Qxc8 36. Qxf7#) 36. Rd8 {Precision: White = 55%, Black = 29%.} 1-0

[Event "17th Prague Open 2018"]
[Site "Prague"]
[Date "2018.01.12"]
[Round "1"]
[White "Chekletsov, Ilya"]
[Black "Krishnater, Kushager"]
[Result "0-1"]
[WhiteElo "2373"]
[BlackElo "2021"]
[Annotator "TA"]
[PlyCount "74"]
[EventDate "2018.??.??"]
[EventType "swiss"]
[EventCountry "CZE"]
[SourceTitle "playchess.com"]
[Source "ChessBase"]
[SourceQuality "1"]

{[%evp 15,74,62,62,52,67,66,78,78,93,95,114,104,100,99,142,137,240,185,183,187,185,187,193,84,91,85,78,77,93,84,81,91,73,0,0,0,0,0,0,0,0,-14,0,-51,-51,-59,-31,-127,-75,-79,-53,-149,-153,-302,-251,-320,-302,-760,-751,-745,-730]} 1. d4 c5 2. d5 e5 3. c4 d6 4. Nc3 Be7 5. g3 Nf6 6. Bg2 {A56: Czech Benoni} (6. e4 O-O 7. Bg2 a6 8. a4 Nbd7 9. Nge2 Ne8 10. Qd3 g6 11. Bh6 Ng7 12. O-O Nf6 13. f3 Kh8 14. a5 Ng8 15. Bd2 {1-0 (34) Wojtaszek,R (2749)-Brodowski,P (2444) Tallinn 2016}) 6... O-O 7. Nf3 {[%cal Bg1f3,Bf3e1,Be1d3][%mdl 32]} Na6 8. O-O Nc7 {LiveBook: 4 Games} 9. Ne1 Rb8 10. a4 a6 11. a5 b5 12. axb6 $1 Rxb6 13. Nd3 Nd7 $146 ({Predecessor:} 13... Bd7) 14. e4 Bf6 15. Be3 Re8 (15... Rb8 $16 16. Qd2 h6) 16. Qd2 Rb8 17. Rfb1 Nb6 18. b3 Bd7 19. f4 (19. Nd1 $18 {and White stays clearly on top.}) 19... exf4 $16 20. gxf4 Bf5 21. Nf2 ({Of course not} 21. exf5 Rxe3 22. Re1 Rxe1+ 23. Rxe1 Nc8 $15) 21... Bg6 22. Bf3 h6 23. Kh1 Nd7 24. Qc2 ({White should try} 24. Ra3 $16) 24... Bd4 $11 25. Bxd4 cxd4 26. Ne2 Qh4 27. Nxd4 {[#] Strongly threatening f5.} Qxf4 28. Bg2 Nc5 {[%cal Rc5e4]} 29. Re1 (29. Nc6 $1 $11) 29... Qf6 $36 {[%mdl 2048] Black has some pressure.} 30. Rad1 $1 a5 {[%cal Ba6a5,Ba5a4][%mdl 32]} 31. Rd2 (31. Re3 $15) 31... N7a6 (31... Rb4 $142 32. Rb1 Qg5) 32. Qd1 $17 Qh4 33. Qc2 (33. Rde2 $15) 33... Nb4 34. Qb1 (34. Qd1 $17) 34... a4 $19 35. Kg1 axb3 36. Rb2 $2 {[#]} (36. Nxb3 Nxd5 37. Rxd5 Rxb3 38. Qc1) 36... Nbd3 $1 {[%mdl 512]} 37. Nf3 (37. Nxd3 Nxd3) 37... Qf6 {Precision: White = 51%, Black = 69%.} 0-1

[Event "17th Prague Open 2018"]
[Site "Prague"]
[Date "2018.01.12"]
[Round "1"]
[White "Szpar, Milosz"]
[Black "Hrbek, Stepan"]
[Result "1-0"]
[WhiteElo "2367"]
[BlackElo "2007"]
[Annotator "TA"]
[PlyCount "91"]
[EventDate "2018.??.??"]
[EventType "swiss"]
[EventCountry "CZE"]
[SourceTitle "playchess.com"]
[Source "ChessBase"]
[SourceQuality "1"]

{[%evp 26,91,34,34,30,33,25,37,35,2,18,3,22,0,45,37,47,35,48,19,110,104,194,188,199,180,216,227,216,248,199,69,58,62,197,111,381,127,201,114,328,227,234,208,208,193,572,553,689,671,734,691,2060,2002,2412,3431,12835,9705,12833,9299,12840,12839,12837,6536,5727,3720,7441,2875]} 1. e4 c5 2. Nf3 Nc6 3. d4 cxd4 4. Nxd4 g6 5. c4 Bg7 6. Be3 Nf6 7. Nc3 O-O 8. Be2 d6 9. O-O Bd7 10. Qd2 Nxd4 11. Bxd4 Bc6 12. f3 Nd7 13. Bxg7 Kxg7 14. f4 Nf6 $146 {B38: Sicilian: Maroczy Bind with 5...Bg7 and 7...0-0} ({Predecessor:} 14... Qa5 15. Kh1 Nf6 16. Bf3 Qc5 17. Rac1 e6 18. Nd5 Bxd5 19. cxd5 Qb6 20. dxe6 fxe6 21. e5 dxe5 22. fxe5 Nd5 23. Bxd5 exd5 24. Qxd5 Qxb2 25. h3 Rxf1+ 26. Rxf1 Rf8 27. Qd7+ Kg8 28. Qe6+ {1-0 (28) Raupp,T (2349)-Lorscheid,G (2315) Pfullendorf 2003}) 15. Qe3 Qb6 16. Qxb6 axb6 {White is slightly better.} 17. Bf3 e5 18. g3 {[%cal Bg2g3,Bg3f4,Bf4e5][%mdl 32]} Rfe8 19. Rfe1 Re6 20. Re2 Rae8 21. Rae1 h6 22. b4 {[%cal Bb2b4,Bb4b5][%mdl 32]} exf4 (22... Rc8 $11 {remains equal.}) 23. gxf4 $16 g5 (23... Bd7 $16) 24. b5 $1 $18 {[%cal Rb5c6]} Bd7 25. e5 $1 {[%cal Re5f6]} dxe5 26. fxe5 Nh7 27. Bxb7 Nf8 28. Nd5 (28. c5 $18) 28... Rb8 $14 29. Ba6 Bc8 {[#]} (29... Ree8 $1 $14) 30. a4 ({White should play} 30. c5 $1 $18) 30... Ng6 $2 {[%mdl 8192] [#]} (30... Nd7 $16 {is a better defense.}) 31. Re4 $2 (31. c5 $1 $18 {[%mdl 512] and the rest is easy.}) 31... Bb7 (31... Bd7 $16 {was worth a try.} 32. Nc7 Re7) 32. Kf2 (32. Bxb7 $18 Rxb7 33. c5 bxc5 34. b6) 32... Ne7 $2 (32... Bxd5 $16 33. cxd5 Ree8) 33. Nc7 Bxe4 34. Nxe6+ fxe6 35. Rxe4 $18 {[%mdl 4096] Endgame KRB-KRN} Nf5 $2 {[#]} (35... Kg6 36. c5 Kf5) 36. c5 $1 {[%mdl 512] White is clearly winning.} bxc5 37. Rc4 Ne7 38. Rxc5 Nd5 39. Rc8 Rxc8 40. Bxc8 {KB-KN} Nb6 41. a5 {[%cal Ba4a5,Ba5a6,Ba6a7][%mdl 32]} Nc4 42. a6 Kg6 43. Bxe6 Nb6 44. a7 h5 45. Kf3 Kg7 46. Bd5 {Precision: White = 55%, Black = 19%.} 1-0